[Event "As Follo CC-ch"]
[Site "As"]
[Date "2011.03.17"]
[Round "7"]
[White "Stensland, Martin"]
[Black "Weberg, Oyvind"]
[Result "0-1"]
[WhiteElo "1168"]
[BlackElo "1422"]
[PlyCount "59"]
[EventDate "2011.01.20"]
[EventType "tourn"]
[EventRounds "13"]
[EventCountry "NOR"]
[SourceTitle "EXT 2024"]
[Source "ChessBase"]
[SourceDate "2023.10.10"]
[SourceVersion "1"]
[SourceVersionDate "2023.10.10"]
[SourceQuality "1"]

1. e4 e5 2. Nf3 Nc6 3. Bb5 a6 4. Ba4 Nf6 5. Nc3 Be7 6. d4 exd4 7. Nxd4 Nxd4 8. Qxd4 b5 9. e5 Ng4 10. Qd5 Rb8 11. e6 dxe6 12. Qxd8+ Bxd8 13. Bxb5+ axb5 14. Ne4 Be7 15. 0-0 Nf6 16. Ng3 0-0 17. b3 Ba6 18. Bf4 Rbc8 19. Rfe1 Rfd8 20. c3 Nd5 21. Bd2 Bf6 22. Ne4 Be7 23. a4 bxa4 24. Rxa4 Bd3 25. c4 Bxe4 26. Rxe4 Nb4 27. Re2 Ra8 28. Bxb4 Bxb4 29. g3 Rxa4 30. bxa4 0-1